| 000 | 01047nas a2200361 4500 | ||
|---|---|---|---|
| 001 | BR0603025 | ||
| 003 | BR-BrBNA | ||
| 005 | 20231205110113.0 | ||
| 007 | ta | ||
| 008 | 230509b bl.|||p| |||| 00| 00por d | ||
| 040 |
_aBR-BrBNA _bpor _cBiblioteca Nacional de Agricultura |
||
| 041 | _a(En) | ||
| 072 | _aL73 | ||
| 100 | 1 | _aAguiar, D.M. | |
| 100 | 1 | _aGennari, S.M. | |
| 100 | 1 | _aCavalcante, G.T. | |
| 100 | 1 | _aLabruna, M.B. | |
| 100 | 1 | _aVasconcellos, S.A. | |
| 100 | 1 | _aRodrigues, A.A.R. | |
| 100 | 1 | _aMoraes, Z.M. | |
| 100 | 1 | _aCamargo, L.M.A. | |
| 245 | 1 | _aSeroprevalence of Leptospira spp in cattle from Monte Negro municipality, western Amazon | |
| 650 | _aBOVINO | ||
| 650 | _aDOENÇA ANIMAL | ||
| 650 | _aBACTÉRIA | ||
| 650 | _aLEPTOSPIROSE | ||
| 650 | _aANTICORPO | ||
| 650 | _aEPIDEMIOLOGIA | ||
| 650 | _aAMAZÔNIA | ||
| 773 | 0 |
_tPesquisa Veterinária Brasileira (Brazil) _xISSN 0100-736X _g(Abr-Jun 2006), v. 26(2) p. 101-104 _wBR0603025 |
|
| 909 |
_a202311 _bLúcia _c55 _dLúcia Elande |
||
| 942 |
_2AGRIS _n0 _cANA |
||
| 999 |
_c186217 _d186217 |
||